000 nam a22 7a 4500
999 _c9671
_d9671
008 180206b ||||| |||| 00| 0 eng d
100 _aGupta,S.P.
_95788
245 _aWork Book Social Science-VIII
260 _aNew Delhi
_bArya
_c2007